02175nam a2200457 a 450000500170000000800410001702000180005804100080007610000190008424500570010325000440016026000340020430000160023850001250025465300630037965300480044265300600049065300210055065300280057165301300059965300580072965300860078765300370087365300670091065300670097765300630104465300490110765301000115665300430125665300370129965300340133665300300137065300380140065300120143865300490145065300260149965300700152565300810159570000240167670000170170020240802110438.0100629e2018||||sp a f |||| 001 0 spa d a9788491132752 aspa1 aAbbas, Abul K. aInmunología celular y molecular / cAbul K. Abbas a9a ed. bTraducción Elsevier España aBarcelona: bElsevier;c2018. a564 p.bil. aAbbas, Abul K., Lichtman, A. H. y Pillai, S. (2018). Inmunología celular y molecular. (9a ed.). Barcelona : Elsevier.  aPropiedades y generalidades de las respuestas inmunitarias aCélulas y tejidos del sistema inmunitario aCirculación y migración del leucocito a los tejidos aInmunidad innata aAnticuerpos y antigenos aPresentación del antígeno a los linfocitos T y funciones de las moléculas del complejo principal de histocompatibilidad aReceptores inmunitarios y transducción de señales aDesarrollo del linfocito y reordenamiento del gen del receptor para el antígeno aActivación de los linfocitos T aDiferenciación y funciones de los linfocitos T efectores CD4 aDiferenciación y funciones de los linfocitos T efectores CD8 aActivación del linfocito B y producción de anticuerpos aMecanismos efectores de la inmunidad humoral aInmunidad especializada en las barreras epiteliales y en los tejidos con privilegio inmunitario aTolerancia inmunitaria y autoinmunidad aInmunidad frente a los microbios aInmunología del transplante aInmunilogía antitumoral aTranstornos por hipersensibilidad aAlergia aInmunodeficiencias congénitas y adquiridas aApéndice: citocinas aApéndice: principales caracteristicas de algunas moléculas CD aApéndice: técnicas de laboratorio usadas con frecuencia en inmunología1 aLichtman, Andrew H.1 aPillai, Shiv